| 000 | 00560nam a2200181Ia 4500 | ||
|---|---|---|---|
| 003 | GCL | ||
| 008 | 140319s9999 xx 000 0 ara d | ||
| 040 |
_aGCL / _cGCL |
||
| 082 | 0 | 4 |
_aق _b962.15 _bج ق |
| 100 | 1 | _aجورج حليم كيرلس | |
| 245 | 1 | 0 |
_aقناة السويس من القدم الى اليوم / _cجورج حليم كيرلس |
| 300 | _a256 ص | ||
| 490 |
_aاقرأ _v0 |
||
| 650 | 0 | 4 | _aقناة السويس |
| 650 | 0 | 4 | _aقناة السويس - المرور عبر |
| 650 | 0 | 4 | _aقناة السويس - تاريخ |
| 942 |
_2ddc _cBK |
||
| 999 |
_c50450 _d50450 |
||